Normal view
MARC view
Entry Personal Name
001 - CONTROL NUMBER
- control field: 10057
003 - CONTROL NUMBER IDENTIFIER
- control field: ARRUPE
005 - DATE AND TIME OF LATEST TRANSACTION
- control field: 20140505131336.0
008 - FIXED-LENGTH DATA ELEMENTS
- fixed length control field: 140505|| aca||aabn | a|a d
040 ## - CATALOGING SOURCE
- Original cataloging agency: ARRUPE
- Transcribing agency: ARRUPE
100 ## - HEADING--PERSONAL NAME
- Personal name: Blake, Peter,
- Dates associated with a name: 1920-2006.
670 ## - SOURCE DATA FOUND
- Source citation: Work cat.: (ARRUPE)0: Blake, Peter, 1920-2006., Le Corbusier :, 1966, c1960.